Countries Colonized by Ancient Greeks Quiz Stats

Quiz Updated Jun 28, 2016

Also try: Greek or Latin?
Challenge
Share
Tweet
Embed
Score 0/15 Timer 06:00
4 Plays Today
Colony Modern country % Correct
Cyme, NeapolisItaly
96.6%
Byzantion, TrapezonTurkey
94.7%
NaucratisEgypt
85.7%
Massilia, NicaiaFrance
81.7%
EmporionSpain
81.1%
Salamis, PaphosCyprus
80.3%
Abdera, CorcyraGreece
71.7%
EpidamnosAlbania
69%
Colony Modern country % Correct
IstrosRomania
67.4%
TanaisRussia
66.9%
OdessosBulgaria
65.3%
CyreneLibya
65.2%
EpidaurosCroatia
64.7%
Chersonesos, OlbiaUkraine
61%
DioscuriasGeorgia
43%

You're not logged in!

Compare scores with friends on all Sporcle quizzes.
Join for Free
OR
Log In

You Might Also Like...

Show Comments

Extras

Top Quizzes Today


Score Distribution

Your Account Isn't Verified!

In order to create a playlist on Sporcle, you need to verify the email address you used during registration. Go to your Sporcle Settings to finish the process.

Report this User

Report this user for behavior that violates our Community Guidelines.

Details: